[Event "29th ECC Women 2025"]
[Site "Rhodes GRE"]
[Date "2025.10.19"]
[Round "1.1"]
[White "Divya, Deshmukh"]
[Black "Tokhirjonova, Gulrukhbegim"]
[Result "1/2-1/2"]
[WhiteTitle "GM"]
[BlackTitle "IM"]
[WhiteElo "2498"]
[BlackElo "2370"]
[WhiteTeam "Cercle d'échecs de Monte-Carlo"]
[BlackTeam "SK Zmaj"]
[WhiteFideId "35006916"]
[BlackFideId "14203626"]
[EventDate "2025.10.19"]
[EventType "team"]

1. c4 Nf6 2. Nc3 e5 3. Nf3 Nc6 4. e3 e4 5. Ng5 Qe7 6. Qc2 Nb4 7. Qb1 d5 8. a3 h6
9. Ngxe4 dxe4 10. axb4 Bf5 11. Ra5 Qd7 12. c5 Be7 13. Qa2 a6 14. c6 bxc6 15. b5
c5 16. bxa6 O-O 17. Be2 Bg4 18. Qa4 Bxe2 19. Qxd7 Nxd7 20. Kxe2 f5 21. g4 g6 22.
Rg1 Kh7 23. gxf5 gxf5 24. b3 Bd6 25. h3 Rfb8 26. Na4 Rxb3 27. Bb2 Bf8 28. Bc3
Ra7 29. h4 c6 30. Nb2 Rb5 31. Ra2 Nb6 32. Be5 Nd7 33. Bc3 Nb6 34. Be5 Nd7 35.
Bf4 Rb6 36. Rga1 Rb4 37. Rc1 Rb6 38. Rca1 Rb4 39. Rc1 Rb6 40. Rca1 Rb4 41. Rc1 1/2-1/2

[Event "29th ECC Women 2025"]
[Site "Rhodes GRE"]
[Date "2025.10.19"]
[Round "1.2"]
[White "Malikova, Marjona"]
[Black "Kosteniuk, Alexandra"]
[Result "0-1"]
[WhiteTitle "WIM"]
[BlackTitle "GM"]
[WhiteElo "2042"]
[BlackElo "2469"]
[WhiteTeam "SK Zmaj"]
[BlackTeam "Cercle d'échecs de Monte-Carlo"]
[WhiteFideId "14212463"]
[BlackFideId "4128125"]
[EventDate "2025.10.19"]
[EventType "team"]

1. d4 Nf6 2. c4 e6 3. Nc3 Bb4 4. Qc2 c5 5. dxc5 O-O 6. a3 Bxc5 7. Nf3 d5 8. cxd5
exd5 9. Bg5 Be6 10. e3 h6 11. Bh4 Nc6 12. Be2 Qe7 13. O-O Rac8 14. Bxf6 Qxf6 15.
Nxd5 Bxd5 16. Qxc5 Qxb2 17. Qxd5 Qxe2 18. Nd4 Nxd4 19. exd4 Qa6 20. Rfd1 Rfd8
21. Qf5 Rc4 22. h3 Qd6 23. d5 Rc5 24. Rac1 g6 25. Qf3 Rxc1 26. Rxc1 Qxd5 27. Qf6
Qg5 28. Qb2 Qd2 29. Rc2 Qd4 30. Qb3 b6 31. Kh2 h5 32. Rc6 Kg7 33. Qf3 h4 34. g4
hxg3+ 35. Qxg3 Rd5 36. Rc2 Qd3 37. Rc3 Qxg3+ 38. Kxg3 b5 39. Kf4 a5 40. Ke4 b4
41. Rb3 Rb5 42. Kd4 Kh6 43. Kc4 Rf5 44. axb4 axb4 45. Kxb4 Rxf2 46. Kc4 Rd2 47.
Rf3 f5 48. Rg3 Kh5 49. Kc3 Rd6 50. Rf3 Kh4 51. Kc2 Rd5 52. Kc3 Rd1 0-1

[Event "29th ECC Women 2025"]
[Site "Rhodes GRE"]
[Date "2025.10.19"]
[Round "1.2"]
[White "Johannsdottir, Johanna Bjorg"]
[Black "Salimova, Nurgyul"]
[Result "1-0"]
[WhiteTitle "WCM"]
[BlackTitle "IM"]
[WhiteElo "1975"]
[BlackElo "2385"]
[WhiteTeam "ISL Federation"]
[BlackTeam "Sirmium Sremska Mitrovica"]
[WhiteFideId "2303108"]
[BlackFideId "2915138"]
[EventDate "2025.10.19"]
[EventType "team"]

1. e4 c5 2. Nf3 Nc6 3. d3 g6 4. g3 Bg7 5. Bg2 d6 6. h3 Nf6 7. O-O O-O 8. c3 Rb8
9. Re1 b5 10. a3 a5 11. d4 Nd7 12. Be3 b4 13. Nbd2 bxc3 14. bxc3 Ba6 15. Qc2 Qc7
16. d5 Nce5 17. Nxe5 Nxe5 18. c4 Rb2 19. Qa4 Rxd2 20. Bxd2 Nxc4 21. Bg5 h6 22.
Rac1 Nb2 23. Qc2 hxg5 24. Bf1 Bxf1 25. Kxf1 Qd7 26. Kg2 c4 27. Re2 c3 28. Qb3
Nd3 29. Rcc2 g4 30. h4 Qa7 31. Qb5 Qd4 32. Qd7 Ne5 33. Qxe7 Nf3 34. Qd7 Qd1 35.
Qxg4 Ne1+ 1-0

[Event "29th ECC Women 2025"]
[Site "Rhodes GRE"]
[Date "2025.10.19"]
[Round "1.3"]
[White "Kashlinskaya, Alina"]
[Black "Salimova, Asal"]
[Result "1-0"]
[WhiteTitle "IM"]
[BlackTitle "WCM"]
[WhiteElo "2450"]
[BlackElo "2123"]
[WhiteTeam "Cercle d'échecs de Monte-Carlo"]
[BlackTeam "SK Zmaj"]
[WhiteFideId "4198026"]
[BlackFideId "14204940"]
[EventDate "2025.10.19"]
[EventType "team"]

1. d4 d5 2. c4 e6 3. Nf3 Nf6 4. Nc3 Be7 5. Bf4 O-O 6. e3 b6 7. Rc1 Bb7 8. cxd5
exd5 9. Bd3 c5 10. O-O Nc6 11. h3 h6 12. Bb1 Re8 13. Re1 Bf8 14. Nb5 cxd4 15.
Nfxd4 Nxd4 16. Qxd4 Bc5 17. Qd1 Rf8 18. a3 a6 19. Nd4 Bd6 20. Qf3 Ne4 21. Nf5
Bxf4 22. Qxf4 Nc5 23. Qe5 Ne6 24. Red1 Re8 25. h4 Qb8 26. Qd6 Qd8 27. Qe5 Qb8
28. Qxb8 Raxb8 29. Nd6 Red8 30. Nxb7 Rxb7 31. Ba2 Rc7 32. Rxc7 Nxc7 33. Rd4 f5
34. Rf4 g6 35. h5 Ne6 36. Rb4 Rd6 37. hxg6 Kg7 38. Bb1 Kf6 39. g4 fxg4 40. Rxg4
Rc6 41. Kg2 h5 42. g7 1-0

[Event "29th ECC Women 2025"]
[Site "Rhodes GRE"]
[Date "2025.10.19"]
[Round "1.4"]
[White "Agarwal, Amaya"]
[Black "Paehtz, Elisabeth"]
[Result "0-1"]
[WhiteTitle "WCM"]
[BlackTitle "GM"]
[WhiteElo "1818"]
[BlackElo "2408"]
[WhiteTeam "SK Zmaj"]
[BlackTeam "Cercle d'échecs de Monte-Carlo"]
[WhiteFideId "48733580"]
[BlackFideId "4641833"]
[EventDate "2025.10.19"]
[EventType "team"]

1. e4 g6 2. d4 Bg7 3. Nc3 d6 4. Be3 a6 5. Qd2 b5 6. a3 Bb7 7. f3 Nd7 8. Nge2 Nb6
9. Nf4 e6 10. d5 e5 11. Bxb6 cxb6 12. Nd3 h5 13. Qf2 Nf6 14. Be2 Nd7 15. O-O O-O
16. Rad1 Rc8 17. Kh1 Bh6 18. f4 exf4 19. Nxf4 Ne5 20. Nd3 Nc4 21. Rfe1 Nxb2 22.
Nxb2 Rxc3 23. Bf3 Bg7 24. Rd3 Rc5 25. Nd1 Qg5 26. Ne3 Rfc8 27. Rf1 R8c7 28. h4
Qe5 29. g4 hxg4 30. Nxg4 Qf4 31. Rd2 Bc8 32. Qg2 Rc4 33. Re2 Rc3 34. Qh2 Qxh2+
35. Nxh2 Rxc2 36. Rxc2 Rxc2 37. Ng4 Rc3 38. Kg2 Rxa3 39. Rc1 Rc3 40. Rb1 Bd7 41.
Nf2 Rc2 42. Kf1 Bd4 43. Nd3 Bh3+ 44. Ke1 Bc3+ 45. Kd1 Rd2+ 0-1

[Event "29th ECC Women 2025"]
[Site "Rhodes GRE"]
[Date "2025.10.19"]
[Round "1.4"]
[White "Acevedo Mendez, Lisseth"]
[Black "Balabayeva, Xeniya"]
[Result "1-0"]
[WhiteTitle "WIM"]
[BlackTitle "WGM"]
[WhiteElo "1871"]
[BlackElo "2349"]
[WhiteTeam "ISL Federation"]
[BlackTeam "Sirmium Sremska Mitrovica"]
[WhiteFideId "6502938"]
[BlackFideId "13719688"]
[EventDate "2025.10.19"]
[EventType "team"]

1. d4 d5 2. Bf4 Nf6 3. Nf3 c5 4. e3 Nc6 5. c3 Qb6 6. Qb3 c4 7. Qc2 Bf5 8. Qc1 e6
9. Be2 Be7 10. Ne5 Nxe5 11. Bxe5 Nd7 12. Bg3 Qc6 13. Nd2 b5 14. a3 O-O 15. O-O
a5 16. Bf3 Nf6 17. Be5 Bd3 18. Bxf6 Bxf6 19. Re1 Bg5 20. Be2 Bf5 21. f4 Bh4 22.
Rf1 Be7 23. Qe1 b4 24. g4 bxc3 25. bxc3 Bc2 26. Bf3 Bd3 27. Be2 Rab8 28. Bxd3
cxd3 29. Ra2 Qxc3 30. Nf3 Qxe1 31. Rxe1 Rb3 32. a4 Rc8 33. Rd1 Bb4 34. Ne5 Rc2
35. Raa1 d2 36. Kf2 Bc3 37. Ke2 Bxa1 38. Rxa1 Rc1 1-0

[Event "29th ECC Women 2025"]
[Site "Rhodes GRE"]
[Date "2025.10.19"]
[Round "1.5"]
[White "Sivanandan, Bodhana"]
[Black "Muzychuk, Mariya"]
[Result "1-0"]
[WhiteTitle "WFM"]
[BlackTitle "GM"]
[WhiteElo "2205"]
[BlackElo "2485"]
[WhiteTeam "She plays to win Lionesses #1"]
[BlackTeam "Turkish Airlines sports club"]
[WhiteFideId "497592"]
[BlackFideId "14114550"]
[EventDate "2025.10.19"]
[EventType "team"]

1. e4 c5 2. Nf3 d6 3. Bb5+ Nd7 4. O-O a6 5. Bxd7+ Bxd7 6. d4 cxd4 7. Qxd4 Nf6 8.
Bg5 e6 9. Nbd2 Bc6 10. Nc4 Be7 11. Bxf6 gxf6 12. Rad1 b5 13. Ne3 Rg8 14. Kh1 Qc7
15. Rfe1 O-O-O 16. c4 b4 17. a3 Qb7 18. Nd2 b3 19. Rc1 f5 20. Nd5 Bg5 21. Rc3
Bxd2 22. Qxd2 fxe4 23. Qe3 Bxd5 24. cxd5+ Kd7 25. Qf4 Ke8 26. Qxe4 Rg6 27. Qf3
Rb8 28. Rc6 e5 29. Rec1 Kd8 30. Qh3 h6 31. Qh4+ Kd7 32. Qc4 Qb5 33. Rc7+ Ke8 34.
Qh4 f6 35. Qh5 Qd3 36. Rg7 1-0

[Event "29th ECC Women 2025"]
[Site "Rhodes GRE"]
[Date "2025.10.19"]
[Round "1.5"]
[White "Drakaki, Anna-Maria"]
[Black "Maltsevskaya, Aleksandra"]
[Result "0-1"]
[BlackTitle "IM"]
[WhiteElo "1929"]
[BlackElo "2394"]
[WhiteTeam "Aris Thessalonikis"]
[BlackTeam "CE Gambit Bonnevoie"]
[WhiteFideId "4225210"]
[BlackFideId "24174041"]
[EventDate "2025.10.19"]
[EventType "team"]

1. d4 Nf6 2. c4 g6 3. Nc3 Bg7 4. Nf3 O-O 5. Bf4 d6 6. h3 Nbd7 7. e3 b6 8. Be2
Bb7 9. O-O Ne4 10. Nxe4 Bxe4 11. Nd2 Bb7 12. Bf3 Qc8 13. Ne4 e5 14. Bh2 h6 15.
Rc1 exd4 16. exd4 Re8 17. Qd3 Nf8 18. Nd2 Ne6 19. Bxb7 Qxb7 20. Nf3 Qa6 21. b3
Qa3 22. Qd2 a5 23. Rfe1 Qb4 24. Red1 Re7 25. Bg3 Rae8 26. Qc2 f5 27. a3 Qxa3 28.
Ra1 Nxd4 29. Nxd4 Qc5 30. b4 axb4 31. Nb3 Qc6 32. Ra2 Bc3 33. Bf4 Qxc4 34. Bxh6
Re1+ 35. Rxe1 Rxe1+ 36. Kh2 Be5+ 37. f4 Bxf4+ 38. Bxf4 Qxf4+ 39. g3 Qf3 40. Qc4+
d5 41. Ra8+ Kf7 42. Qxc7+ Re7 0-1

[Event "29th ECC Women 2025"]
[Site "Rhodes GRE"]
[Date "2025.10.19"]
[Round "1.6"]
[White "Tsolakidou, Stavroula"]
[Black "Subramanian, Anusha"]
[Result "1-0"]
[WhiteTitle "IM"]
[BlackTitle "WFM"]
[WhiteElo "2453"]
[BlackElo "2056"]
[WhiteTeam "Turkish Airlines sports club"]
[BlackTeam "She plays to win Lionesses #1"]
[WhiteFideId "4264312"]
[BlackFideId "477710"]
[EventDate "2025.10.19"]
[EventType "team"]

1. e4 e5 2. Nf3 Nf6 3. Nxe5 d6 4. Nf3 Nxe4 5. Nc3 Nf6 6. d4 d5 7. Bg5 Be7 8. h3
c6 9. Bd3 a5 10. O-O O-O 11. Re1 Re8 12. Ne5 Nbd7 13. Qf3 Nxe5 14. Rxe5 Be6 15.
Ne2 Nd7 16. Bxe7 Qxe7 17. Re3 a4 18. a3 Nf8 19. Re1 Qd7 20. Nf4 Re7 21. Nh5 Ng6
22. Qg3 Rae8 23. f4 f5 24. Qg5 Kf7 25. Bxf5 Bxf5 26. Rxe7+ Rxe7 27. Rxe7+ Qxe7
28. Qxf5+ Kg8 29. Kf2 Nf8 30. Qe5 Qf7 31. g4 Nd7 32. Qc7 g6 33. Qxd7 gxh5 34.
Qxf7+ Kxf7 35. Kg3 Kg6 36. Kh4 hxg4 37. hxg4 b6 38. f5+ Kf6 39. Kh5 c5 40. c3 1-0

[Event "29th ECC Women 2025"]
[Site "Rhodes GRE"]
[Date "2025.10.19"]
[Round "1.6"]
[White "Danielian, Elina"]
[Black "Amiridou, Dimitra"]
[Result "1-0"]
[WhiteTitle "GM"]
[WhiteElo "2410"]
[BlackElo "1954"]
[WhiteTeam "CE Gambit Bonnevoie"]
[BlackTeam "Aris Thessalonikis"]
[WhiteFideId "13300210"]
[BlackFideId "4218230"]
[EventDate "2025.10.19"]
[EventType "team"]

1. d4 Nf6 2. Nf3 g6 3. Bg5 Bg7 4. Nbd2 O-O 5. e4 d5 6. exd5 Nxd5 7. c4 h6 8. Bh4
Nf4 9. Bg3 e5 10. dxe5 Nd3+ 11. Bxd3 Qxd3 12. Qe2 Bf5 13. Qxd3 Bxd3 14. O-O-O
Nc6 15. b3 a5 16. a3 a4 17. b4 Rfe8 18. Rhe1 g5 19. h3 Bf8 20. Re3 Rad8 21. Ne4
Bxe4 22. Rxd8 Nxd8 23. Rxe4 f5 24. Re2 Bg7 25. Bh2 Kf7 26. Ne1 f4 27. Nd3 Nc6
28. e6+ Rxe6 29. Rxe6 Kxe6 30. Nc5+ Kf5 31. Nxa4 Bd4 32. f3 Ne5 33. Kc2 h5 34.
Nc3 g4 35. hxg4+ hxg4 36. Ne2 Be3 37. fxg4+ Nxg4 38. Bg1 Bxg1 39. Nxg1 Ne3+ 40.
Kd3 Nxg2 41. Nf3 Kg4 42. Ke4 Ne3 43. Ne5+ Kg3 44. a4 Ng4 45. Nd3 f3 46. Kd4 Nf6
47. a5 Nd7 48. b5 Nb8 49. Ke3 c6 50. Kd4 f2 51. Nxf2 Kf4 52. Nd3+ Kf5 53. Kc5
Ke6 54. Kb6 cxb5 55. cxb5 Kd6 56. Kxb7 1-0

[Event "29th ECC Women 2025"]
[Site "Rhodes GRE"]
[Date "2025.10.19"]
[Round "1.7"]
[White "Weersing, Abigail Riis"]
[Black "Lu, Miaoyi"]
[Result "0-1"]
[WhiteTitle "WFM"]
[BlackTitle "IM"]
[WhiteElo "2032"]
[BlackElo "2431"]
[WhiteTeam "She plays to win Lionesses #1"]
[BlackTeam "Turkish Airlines sports club"]
[WhiteFideId "460036"]
[BlackFideId "8618020"]
[EventDate "2025.10.19"]
[EventType "team"]

1. d4 Nf6 2. c4 e6 3. Nc3 Bb4 4. Qc2 c5 5. dxc5 O-O 6. a3 Bxc5 7. Bf4 e5 8. Bg3
Bd4 9. e3 Bxc3+ 10. Qxc3 d6 11. Nf3 Be6 12. Rd1 Nbd7 13. Ng5 Bg4 14. f3 h6 15.
fxg4 hxg5 16. Qd3 Nxg4 17. Be2 Nc5 18. Qxd6 Qxd6 19. Rxd6 Nxe3 20. Rg1 Rfe8 21.
Bf2 Ne4 22. Rd7 Nc2+ 23. Kd1 Rad8 24. Rxd8 Rxd8+ 25. Kxc2 Rd2+ 26. Kb3 Nxf2 27.
Re1 e4 28. Kc3 e3 29. Bf3 g4 30. Be2 f5 31. b4 f4 32. c5 Ne4+ 33. Kb3 Rxe2 34.
Rxe2 f3 0-1

[Event "29th ECC Women 2025"]
[Site "Rhodes GRE"]
[Date "2025.10.19"]
[Round "1.7"]
[White "Tsekoura, Vaia"]
[Black "Kulon, Klaudia"]
[Result "0-1"]
[BlackTitle "IM"]
[WhiteElo "1872"]
[BlackElo "2336"]
[WhiteTeam "Aris Thessalonikis"]
[BlackTeam "CE Gambit Bonnevoie"]
[WhiteFideId "25828070"]
[BlackFideId "1131044"]
[EventDate "2025.10.19"]
[EventType "team"]

1. e4 e5 2. Nf3 Nc6 3. Bb5 a6 4. Ba4 Nf6 5. d3 b5 6. Bb3 Be7 7. c3 O-O 8. O-O d6
9. h3 Na5 10. Bc2 c5 11. Re1 Qc7 12. Nbd2 Nc6 13. Qe2 Nh5 14. Nf1 Nf4 15. Qd1
Bf6 16. Ng3 g6 17. Be3 b4 18. Qd2 bxc3 19. bxc3 Rb8 20. Rab1 Be6 21. Ba4 Ne7 22.
d4 Qa5 23. Rxb8 Rxb8 24. Bxf4 exf4 25. Qxf4 Bg7 26. Qxd6 Rb7 27. d5 Bc8 28. Bc6
Qb6 29. e5 Nxc6 30. dxc6 Rc7 31. Qd8+ Bf8 32. Ne4 Rxc6 33. Nf6+ Kg7 34. Ne8+ Kg8
35. Nf6+ Kg7 36. Ne8+ Kg8 37. Qh4 h6 38. Rd1 Bf5 39. Nf6+ Kg7 40. Ne8+ Kg8 41.
Nf6+ Kg7 42. Nd5 Qb7 43. Qf4 Be7 44. Nh4 Bc2 45. Rc1 Bg5 46. Qf3 Bxc1 47. Nf6
Bg5 48. Ne8+ Kf8 49. Nd6 Qb1+ 50. Kh2 Rxd6 51. exd6 Bxh4 52. Qf4 Bg5 53. Qe5 Kg8
54. f4 Bh4 55. g3 Be4 0-1

[Event "29th ECC Women 2025"]
[Site "Rhodes GRE"]
[Date "2025.10.19"]
[Round "1.8"]
[White "Narva, Mai"]
[Black "Ashton, Alannah"]
[Result "1-0"]
[WhiteTitle "IM"]
[BlackTitle "WCM"]
[WhiteElo "2403"]
[BlackElo "1928"]
[WhiteTeam "Turkish Airlines sports club"]
[BlackTeam "She plays to win Lionesses #1"]
[WhiteFideId "4500512"]
[BlackFideId "480681"]
[EventDate "2025.10.19"]
[EventType "team"]

1. e4 c5 2. Nf3 d6 3. d4 cxd4 4. Nxd4 Nf6 5. Nc3 g6 6. Be3 Bg7 7. f3 O-O 8. Qd2
Nc6 9. O-O-O d5 10. exd5 Nxd5 11. Nxc6 bxc6 12. Bd4 e5 13. Bc5 Re8 14. Ne4 Qc7
15. h4 f5 16. Nd6 Rd8 17. Nxc8 Raxc8 18. h5 Nb6 19. Bxb6 Rxd2 20. Bc4+ Kf8 21.
Bxc7 Rxd1+ 22. Rxd1 Rxc7 23. hxg6 hxg6 24. Rd6 Bh6+ 25. Kd1 Kg7 26. b4 Bf4 27.
Rd8 Kf6 28. Ke2 Ke7 29. Rg8 Kf6 30. Re8 c5 31. Re6+ Kg5 32. bxc5 Rxc5 33. Kd3
Rc7 34. Bb5 Bg3 35. c4 Rc8 36. Be8 Rd8+ 37. Ke2 Kf4 38. c5 Rb8 39. c6 e4 40.
fxe4 fxe4 41. Bxg6 Rb2+ 42. Kd1 Rb1+ 43. Kc2 Rb4 44. a3 Rd4 45. Kc3 Ke3 46. Re7
Rd3+ 47. Kb2 Rd2+ 48. Kb3 Rd3+ 49. Ka4 Bd6 50. Rxe4+ Kd2 51. Re2+ Kxe2 52. Bxd3+
Kxd3 53. Kb5 Kc3 54. g4 Kd4 55. Ka6 Kd5 56. Kb7 a5 57. a4 Kc5 58. g5 Kd5 59. c7
Bxc7 60. Kxc7 1-0

[Event "29th ECC Women 2025"]
[Site "Rhodes GRE"]
[Date "2025.10.19"]
[Round "1.8"]
[White "Jarocka, Liwia"]
[Black "Mitraka, Chrysoula-Paraskevi"]
[Result "1-0"]
[WhiteTitle "FM"]
[WhiteElo "2243"]
[BlackElo "1792"]
[WhiteTeam "CE Gambit Bonnevoie"]
[BlackTeam "Aris Thessalonikis"]
[WhiteFideId "21807558"]
[BlackFideId "2409968"]
[EventDate "2025.10.19"]
[EventType "team"]

1. e4 c6 2. d4 d5 3. e5 c5 4. Nf3 cxd4 5. Qxd4 Nc6 6. Qf4 e6 7. Bd3 h6 8. h4 Bc5
9. Qg3 Nge7 10. O-O Nb4 11. Qxg7 Rg8 12. Qh7 Nxd3 13. Qxd3 Bd7 14. Bxh6 Nf5 15.
Bg5 Qb6 16. Nbd2 Rc8 17. a4 Qb4 18. c3 Qb6 19. a5 Qc7 20. Nb3 a6 21. Rfe1 Bb5
22. Qd2 Be7 23. Nbd4 Bxg5 24. hxg5 Nxd4 25. Nxd4 Rh8 26. Re3 Qe7 27. f4 Qf8 28.
Qf2 Rh7 29. Qg3 Qh8 30. Kf2 Rh1 31. Rxh1 Qxh1 32. Re1 Qh5 33. Qh3 Qg6 34. Kg1
Bd3 35. Qh6 Qg8 36. f5 Kd7 37. g6 Kc7 38. gxf7 Qxf7 39. Qxe6 Qxe6 40. Nxe6+ Kd7
41. Nd4 Be4 42. f6 Re8 43. e6+ Kd6 44. Rf1 Bg6 45. e7 Bf7 46. Re1 Kd7 47. Nf5
Rh8 48. Ng7 Bg6 49. Kf2 Bf7 50. e8=Q+ Bxe8 51. Rxe8 Rxe8 52. Nxe8 Kxe8 53. Ke3
Kf7 54. Kd4 Kxf6 55. Kxd5 Ke7 56. Kc5 Kd7 57. g4 Kc7 58. g5 Kd7 59. g6 Ke7 60.
Kb6 Kf6 61. Kxb7 Kxg6 62. Kxa6 Kf6 63. Kb7 Ke5 64. a6 Kd5 65. a7 Kc5 66. a8=Q
Kb5 67. Qa6+ Kc5 68. Qc6# 1-0

[Event "29th ECC Women 2025"]
[Site "Rhodes GRE"]
[Date "2025.10.19"]
[Round "1.9"]
[White "Dzagnidze, Nana"]
[Black "Harmsen, Jessica"]
[Result "1-0"]
[WhiteTitle "GM"]
[BlackTitle "WIM"]
[WhiteElo "2496"]
[BlackElo "2046"]
[WhiteTeam "Tajfun SK Ljubljana"]
[BlackTeam "De Stukkenjagers"]
[WhiteFideId "13601903"]
[BlackFideId "1001612"]
[EventDate "2025.10.19"]
[EventType "team"]

1. Nf3 f5 2. d4 Nf6 3. Bf4 e6 4. e3 b6 5. Bd3 Bb7 6. O-O Nc6 7. c4 Ne7 8. Nc3
Ng6 9. Bg3 Bd6 10. Ne5 Bxe5 11. dxe5 Ng4 12. e4 O-O 13. exf5 exf5 14. Bxf5 N4xe5
15. Be4 Bxe4 16. Nxe4 d6 17. f4 Nf7 18. Qd4 Ne7 19. f5 Nc6 20. Qd5 Qd7 21. c5
Ne7 22. Qe6 Rad8 23. cxd6 Qxe6 24. fxe6 Nxd6 25. Nxd6 cxd6 26. Rxf8+ Kxf8 27.
Rf1+ Kg8 28. Rf7 Nc8 29. Rc7 Re8 30. Be1 a5 31. Bc3 Ne7 32. Kf2 h6 33. Kf3 Kh7
34. Ke4 Kg6 35. g4 d5+ 36. Ke5 h5 37. Kd6 d4 38. Bxd4 Rd8+ 39. Rd7 Nc8+ 40. Kc7
Re8 41. Rxg7+ 1-0

[Event "29th ECC Women 2025"]
[Site "Rhodes GRE"]
[Date "2025.10.19"]
[Round "1.9"]
[White "Osmak, Yuliia"]
[Black "Li, Xueyi"]
[Result "1-0"]
[WhiteTitle "IM"]
[BlackTitle "WGM"]
[WhiteElo "2464"]
[BlackElo "2211"]
[WhiteTeam "C'Chartres échecs"]
[BlackTeam "Streatham & Brixton"]
[WhiteFideId "14101602"]
[BlackFideId "8605912"]
[EventDate "2025.10.19"]
[EventType "team"]

1. e4 c6 2. d4 d5 3. e5 Bf5 4. Nd2 e6 5. Nb3 Nd7 6. Nf3 Qc7 7. Be2 c5 8. dxc5
Bxc5 9. Nxc5 Qxc5 10. Nd4 Ne7 11. f4 O-O 12. c3 Qb6 13. a4 Nc6 14. Nxf5 exf5 15.
Qxd5 Nc5 16. a5 Nxa5 17. Be3 Qxb2 18. Rxa5 Ne4 19. Qd3 Rad8 20. Bd4 Nxc3 21.
Qxc3 Qb1+ 22. Kf2 Qxh1 23. h3 Qb1 24. Rxa7 Qe4 25. Be3 Rc8 26. Qd3 Rc2 27. Qxe4
fxe4 28. Rxb7 Ra8 29. Rb4 f5 30. Rc4 Rb2 31. Bd4 Rd2 32. Be3 Rb2 33. Bc1 Rba2
34. Rc7 Kf8 35. Be3 Rb8 36. Bd4 Rd2 37. Bc3 Ra2 38. e6 Rb6 39. Bxg7+ Ke8 40. e7
Re6 41. Bf8 1-0

[Event "29th ECC Women 2025"]
[Site "Rhodes GRE"]
[Date "2025.10.19"]
[Round "1.10"]
[White "Van Amerongen, Marleen"]
[Black "Badelka, Olga"]
[Result "0-1"]
[BlackTitle "IM"]
[WhiteElo "2057"]
[BlackElo "2377"]
[WhiteTeam "De Stukkenjagers"]
[BlackTeam "Tajfun SK Ljubljana"]
[WhiteFideId "1002503"]
[BlackFideId "13509926"]
[EventDate "2025.10.19"]
[EventType "team"]

1. e4 d6 2. d4 Nf6 3. Nc3 g6 4. f4 Bg7 5. Nf3 O-O 6. Bc4 c6 7. e5 dxe5 8. dxe5
Qxd1+ 9. Kxd1 Nd5 10. Bxd5 cxd5 11. Ke2 e6 12. Nb5 Nc6 13. Be3 b6 14. c3 Bd7 15.
a4 f6 16. exf6 Bxf6 17. g3 e5 18. fxe5 Bxe5 19. Nfd4 Na5 20. Rhf1 a6 21. Rxf8+
Rxf8 22. b4 Nc4 23. Na3 Nb2 24. a5 bxa5 25. Nac2 a4 26. Ne1 Bg4+ 27. Kd2 Re8 28.
Nec2 Nc4+ 29. Kd3 Bxd4 30. Kxd4 Bf5 31. Kxd5 Bxc2 32. Bd4 Bb3 33. Kc6 a3 34. Kb7
Re6 35. Rf1 a2 36. Bc5 Ne3 37. Bxe3 Rxe3 38. Kxa6 0-1

[Event "29th ECC Women 2025"]
[Site "Rhodes GRE"]
[Date "2025.10.19"]
[Round "1.10"]
[White "Xu, Ruixi"]
[Black "Daulyte-Cornette, Deimante"]
[Result "0-1"]
[BlackTitle "IM"]
[WhiteElo "1530"]
[BlackElo "2386"]
[WhiteTeam "Streatham & Brixton"]
[BlackTeam "C'Chartres échecs"]
[WhiteFideId "8640610"]
[BlackFideId "12802859"]
[EventDate "2025.10.19"]
[EventType "team"]

1. e4 e5 2. Nf3 Nc6 3. b4 Bxb4 4. c3 Ba5 5. d4 exd4 6. Nxd4 Qf6 7. Be3 Nge7 8.
Bc4 Qg6 9. O-O d6 10. Bb5 O-O 11. Bxc6 Nxc6 12. Nxc6 bxc6 13. Qf3 Re8 14. Nd2
Bxc3 15. Rac1 Bxd2 16. Bxd2 Bg4 17. Qc3 c5 18. Qa5 Bh3 19. g3 Qxe4 20. f3 Qd4+
21. Kh1 Re2 22. Bc3 Bg2# 0-1

[Event "29th ECC Women 2025"]
[Site "Rhodes GRE"]
[Date "2025.10.19"]
[Round "1.11"]
[White "Vantika, Agrawal"]
[Black "Van Amerongen-Jansen, Peggy"]
[Result "1-0"]
[WhiteTitle "IM"]
[WhiteElo "2377"]
[BlackElo "2030"]
[WhiteTeam "Tajfun SK Ljubljana"]
[BlackTeam "De Stukkenjagers"]
[WhiteFideId "25050389"]
[BlackFideId "1001728"]
[EventDate "2025.10.19"]
[EventType "team"]

1. d4 d5 2. c4 e6 3. Nf3 Nf6 4. Nc3 a6 5. cxd5 exd5 6. Bg5 Be7 7. e3 h6 8. Bh4
O-O 9. Bd3 Re8 10. O-O Nbd7 11. h3 c6 12. Bg3 Nf8 13. Qc2 Bd6 14. Bxd6 Qxd6 15.
Rab1 a5 16. a3 N6d7 17. Rfe1 Ne6 18. b4 axb4 19. axb4 Ng5 20. Nxg5 hxg5 21. e4
Nf8 22. Qd2 Ne6 23. exd5 cxd5 24. Qxg5 Rd8 25. Qh4 g6 26. Re5 Nc7 27. Bxg6 fxg6
28. Re7 1-0

[Event "29th ECC Women 2025"]
[Site "Rhodes GRE"]
[Date "2025.10.19"]
[Round "1.11"]
[White "Schippke, Manon"]
[Black "Wang, Shanshan"]
[Result "1-0"]
[WhiteTitle "WIM"]
[WhiteElo "2359"]
[BlackElo "2007"]
[WhiteTeam "C'Chartres échecs"]
[BlackTeam "Streatham & Brixton"]
[WhiteFideId "45100446"]
[BlackFideId "8605262"]
[EventDate "2025.10.19"]
[EventType "team"]

1. d4 d5 2. c4 dxc4 3. e3 e5 4. Bxc4 Nc6 5. Ne2 Qg5 6. O-O Nf6 7. d5 Nd8 8. Nbc3
Bd6 9. Ng3 O-O 10. Nge4 Nxe4 11. Nxe4 Qg6 12. Nxd6 cxd6 13. Kh1 h5 14. b3 h4 15.
h3 f6 16. Ba3 Nf7 17. Be2 f5 18. f4 Bd7 19. Qe1 Qf6 20. Qb4 b6 21. fxe5 Qxe5 22.
Qxh4 Rac8 23. Qf4 Rfe8 24. Ba6 Rc2 25. Rfc1 Rxc1+ 26. Rxc1 Qxd5 27. Bc4 Qd2 28.
Bxf7+ Kxf7 29. Rc7 Ke6 30. Qc4+ Ke7 31. Qb5 Rd8 32. Qe5+ Kf7 33. Qxf5+ Ke8 34.
Qg6+ Kf8 35. Bxd6+ Kg8 36. Rxd7 1-0